000 00282nam a22001337a 4500
008 170615b xxu||||| |||| 00| 0 eng d
020 _a9780415099912
041 _aeng
080 _a32
100 _a20
101 _aSHP
245 _aWORLD POLITY
_cRUGGIE, J.G
942 _2udc
_cBK
999 _c17653
_d17653